| 000 | 00472nam a2200133Ia 4500 | ||
|---|---|---|---|
| 008 | 220216s9999 xx 000 0 und d | ||
| 100 | _aMariatti M | ||
| 245 | 0 | _aPreliminary studies of woven thermoplastic composites | |
| 260 | _bInternational Rubber Conference 1997. Rubber Science and Technology: Improving Quality of Life, Kuala Lumpur, Malaysia 6-9 Oct 1997; p765-769 | ||
| 650 | _aThermoplastic composites | ||
| 700 | _aIsmail H | ||
| 700 | _aNasir M | ||
| 942 | _cJS | ||
| 999 |
_c65514 _d65514 |
||